CBU Courier : Issue No.3 September, 1996 (Record no. 79216)
[ view plain ]
| 000 -LEADER | |
|---|---|
| fixed length control field | 00685nam a2200145 a 4500 |
| 008 - FIXED-LENGTH DATA ELEMENTS--GENERAL INFORMATION | |
| fixed length control field | 220712s1996 ||||||||||||||||| || u |
| 050 ## - LIBRARY OF CONGRESS CALL NUMBER | |
| Classification number | CBU(05)C/1996/3 |
| 110 ## - MAIN ENTRY--CORPORATE NAME | |
| Corporate name or jurisdiction name as entry element | Copperbelt University |
| 245 10 - TITLE STATEMENT | |
| Title | CBU Courier : Issue No.3 September, 1996 |
| Statement of responsibility, etc. | By The Copperbelt University(CBU) |
| 260 ## - PUBLICATION, DISTRIBUTION, ETC. | |
| Place of publication, distribution, etc. | Kitwe |
| Name of publisher, distributor, etc. | Copperbelt University |
| Date of publication, distribution, etc. | 1996 |
| 300 ## - PHYSICAL DESCRIPTION | |
| Extent | 11 pages |
| 650 ## - SUBJECT ADDED ENTRY--TOPICAL TERM | |
| Topical term or geographic name entry element | COPPERBELT UNIVERSITY--PERIODICALS |
| 995 ## - | |
| -- | SPECIAL COLLECTIONS |
| -- | 4922 |
| -- | CBU-MAIN LIBRARY (Kitwe) |
| -- | CBU(05)C/1996/3B |
| -- | 2 |
| -- | AVAILABLE |
| -- | Jul 12, 2022 |
| -- | B4922 |
| -- | University Collection |
| 995 ## - | |
| -- | SPECIAL COLLECTIONS |
| -- | 492 |
| -- | CBU-MAIN LIBRARY (Kitwe) |
| -- | CBU(05)C/1996/3A |
| -- | 1 |
| -- | AVAILABLE |
| -- | Jul 12, 2022 |
| -- | B4921 |
| -- | University Collection |
| 999 ## - | |
| -- | 79216 |
| -- | 79216 |
No items available.